| 000 | 00502nab a2200193 a 4500 | ||
|---|---|---|---|
| 005 | 20210219160352.0 | ||
| 008 | 991125s1985 mx 000 0 spa u | ||
| 035 | _aUPN01000164078 | ||
| 100 | 1 | _aFollari, Roberto | |
| 222 | _aPERFILES EDUCATIVOS | ||
| 245 | _a¿Hay lugar para la subjetividad en la escuela? | ||
| 260 | _aMéxico | ||
| 300 | _a7-20 | ||
| 362 | 0 | _a2007 3a época, vol. 29, no. 115 | |
| 653 | 0 | _aSUBJETIVIDAD | |
| 653 | 0 | _aCULTURA | |
| 653 | 0 | _aBUROCRACIA | |
| 905 | _aArticulo | ||
| 999 |
_c136191 _d136191 |
||